[Event "DEN-ch Seniors 65"]
[Site "Logumkloster"]
[Date "2020.02.13"]
[Round "5"]
[White "Jensen, Ole Yde"]
[Black "Overmark, Ole"]
[Result "1/2-1/2"]
[WhiteElo "1564"]
[BlackElo "1735"]
[PlyCount "133"]
[EventDate "2020.02.09"]
[EventType "swiss"]
[EventRounds "7"]
[EventCountry "DEN"]
[SourceTitle "EXT 2021"]
[Source "ChessBase"]
[SourceDate "2020.10.23"]
[SourceVersion "1"]
[SourceVersionDate "2020.10.23"]
[SourceQuality "1"]

1. f4 c5 2. Nf3 Nc6 3. b3 d5 4. e3 a6 5. Bb2 Bg4 6. Be2 e6 7. 0-0 Nf6 8. d3 Rc8 9. Nbd2 Be7 10. Ne5 Nxe5 11. fxe5 Bxe2 12. Qxe2 Nd7 13. Rf3 0-0 14. Raf1 b5 15. Rh3 d4 16. Nf3 dxe3 17. Qxe3 c4 18. Qe4 g6 19. Bc1 cxd3 20. cxd3 Nc5 21. Qe2 Nxd3 22. Bh6 Qb6+ 23. Kh1 Rfd8 24. Be3 Qb8 25. Bg5 Bc5 26. Bxd8 Nf4 27. Qe4 Nxh3 28. gxh3 Rxd8 29. Ng5 Rd4 30. Qf3 Rd7 31. Nxf7 Qb7 32. Qxb7 Rxb7 33. Ng5 Re7 34. Rd1 h6 35. Ne4 Bb4 36. Nf6+ Kf7 37. Ng4 Kg7 38. Rd3 Rc7 39. Kg2 Rc2+ 40. Kf3 g5 41. Rd7+ Kg6 42. Ra7 Rc3+ 43. Ke4 Rxh3 44. Ra8 Rh4 45. Kf3 Kf5 46. Ne3+ Kxe5 47. Rxa6 Rf4+ 48. Kg3 h5 49. Ng2 Rd4 50. h3 Bd6 51. Kf3 Rd3+ 52. Ke2 Rxh3 53. Ne1 Kd5 54. Nf3 g4 55. Ng5 Rh2+ 56. Kd3 Rf2 57. a4 e5 58. Rxd6+ Kxd6 59. Ne4+ Kd5 60. Nxf2 bxa4 61. bxa4 g3 62. Nh3 e4+ 63. Ke3 h4 64. a5 Kc6 65. a6 Kb6 66. a7 Kxa7 67. Kxe4 1/2-1/2

[Event "Helsingor Xtracon op"]
[Site "Helsingor"]
[Date "2019.07.28"]
[Round "10"]
[White "Overmark, Ole"]
[Black "Fjallheim, Elmar Reinert"]
[Result "1-0"]
[WhiteElo "1765"]
[BlackElo "1609"]
[PlyCount "53"]
[EventDate "2019.07.20"]
[EventType "swiss"]
[EventRounds "10"]
[EventCountry "DEN"]
[SourceTitle "CBM 191 Extra"]
[Source "ChessBase"]
[SourceDate "2019.09.30"]
[SourceVersion "1"]
[SourceVersionDate "2019.09.30"]
[SourceQuality "1"]

1. e4 e6 2. c4 d5 3. cxd5 exd5 4. exd5 Nf6 5. Nc3 Nxd5 6. d4 Be7 7. Qb3 Nf6 8. Nf3 0-0 9. Be3 Nbd7 10. Bd3 Nb6 11. 0-0 Be6 12. Qc2 Bc4 13. Rad1 Bxd3 14. Rxd3 c6 15. Ne5 Nbd5 16. Nxd5 Nxd5 17. Bd2 Nb4 18. Bxb4 Bxb4 19. Rfd1 Bd6 20. Rh3 h6 21. Qb3 Bxe5 22. dxe5 Qc7 23. Qg3 Rad8 24. Rd6 Kh7 25. Qd3+ g6 26. Qe3 h5 27. Rxh5+ 1-0

[Event "Helsingor Xtracon op"]
[Site "Helsingor"]
[Date "2019.07.24"]
[Round "6"]
[White "Overmark, Ole"]
[Black "Jannik, Morten Emil"]
[Result "1/2-1/2"]
[WhiteElo "1765"]
[BlackElo "1561"]
[PlyCount "134"]
[EventDate "2019.07.20"]
[EventType "swiss"]
[EventRounds "10"]
[EventCountry "DEN"]
[SourceTitle "CBM 191 Extra"]
[Source "ChessBase"]
[SourceDate "2019.09.30"]
[SourceVersion "1"]
[SourceVersionDate "2019.09.30"]
[SourceQuality "1"]

1. c4 c6 2. Nc3 d6 3. d4 g6 4. e4 Bg7 5. Be3 Nf6 6. h3 0-0 7. Qd2 e5 8. d5 c5 9. Be2 Na6 10. Bg5 Nc7 11. Nf3 a6 12. 0-0 Rb8 13. Rfe1 b5 14. cxb5 Nxb5 15. Nxb5 axb5 16. Qe3 Qb6 17. Nd2 Ba6 18. Qf3 Qd8 19. a4 h6 20. Be3 Qd7 21. a5 Qc8 22. b3 Qd7 23. Rec1 Qe7 24. Bd3 Nxe4 25. Nxe4 f5 26. Nxc5 e4 27. Qd1 Bxa1 28. Nxa6 Rb7 29. Rxa1 exd3 30. Bxh6 Re8 31. Qxd3 Qe5 32. Rc1 Rbe7 33. Qxb5 Qb2 34. Nb4 Re1+ 35. Rxe1 Rxe1+ 36. Kh2 Qxf2 37. Nd3 Qg1+ 38. Kg3 Re2 39. Nf4 Re3+ 40. Kh4 Qf2+ 41. Kg5 Rg3+ 42. Kf6 Qd4+ 43. Ke7 Re3+ 44. Kxd6 Qe5+ 45. Kc6 Rc3+ 46. Qc4 Qe8+ 47. Kc5 Rxc4+ 48. bxc4 Qe3+ 49. Kd6 Kf7 50. Bg5 Qc3 51. c5 Qxa5 52. Ne6 Ke8 53. Nc7+ Kf7 54. Kc6 Qa4+ 55. Kb7 Qb4+ 56. Kc6 Qa4+ 57. Kd6 Qb4 58. g3 Qa3 59. Bf4 Qb4 60. Ne6 Qa3 61. h4 Ke8 62. Be5 Qb4 63. Nf4 Qb8+ 64. Ke6 Qb7 65. Bd6 Qf7+ 66. Ke5 Qg7+ 67. Ke6 Qf7+ 1/2-1/2

[Event "DEN-ch Seniors 65+"]
[Site "Odder"]
[Date "2019.02.17"]
[Round "7"]
[White "Mortensen, Steen Juul"]
[Black "Overmark, Ole"]
[Result "1/2-1/2"]
[WhiteElo "1913"]
[BlackElo "1740"]
[PlyCount "51"]
[EventDate "2019.02.11"]
[EventType "swiss"]
[EventRounds "7"]
[EventCountry "DEN"]
[SourceTitle "CBM 189 Extra"]
[Source "ChessBase"]
[SourceDate "2019.06.03"]
[SourceVersion "1"]
[SourceVersionDate "2019.06.03"]
[SourceQuality "1"]

1. d4 Nf6 2. c4 c5 3. e3 cxd4 4. exd4 d6 5. Nc3 g6 6. g3 Bg7 7. Bg2 a6 8. h3 0-0 9. Be3 Qc7 10. Rc1 e6 11. Qd2 Re8 12. b3 Nc6 13. Nf3 Rb8 14. d5 Ne7 15. dxe6 Bxe6 16. 0-0 Qd7 17. Ng5 Nf5 18. Bf4 Rbd8 19. Nxe6 fxe6 20. Rfd1 e5 21. Bg5 Kh8 22. Nd5 Rf8 23. Nxf6 Bxf6 24. Bxf6+ Rxf6 25. Qg5 Rdf8 26. Rd2 1/2-1/2

[Event "Helsingor Xtracon op"]
[Site "Helsingor"]
[Date "2018.07.26"]
[Round "7"]
[White "Overmark, Ole"]
[Black "Henningsen, Lasse"]
[Result "0-1"]
[WhiteElo "1688"]
[BlackElo "1930"]
[PlyCount "102"]
[EventDate "2018.07.21"]
[EventType "swiss"]
[EventRounds "10"]
[EventCountry "DEN"]
[SourceTitle "CBM 185 Extra"]
[Source "ChessBase"]
[SourceDate "2018.07.29"]
[SourceVersion "1"]
[SourceVersionDate "2018.07.29"]
[SourceQuality "1"]

1. c4 e6 2. d4 Nf6 3. Nc3 d5 4. Bg5 Be7 5. Nf3 c6 6. cxd5 exd5 7. Rc1 h6 8. Bd2 Bf5 9. e3 0-0 10. Ne5 Re8 11. Qb3 Qc8 12. Be2 Nbd7 13. 0-0 Bd6 14. f4 Ne4 15. Nxe4 Bxe4 16. Bf3 Bxf3 17. Rxf3 Nf6 18. Bb4 Ne4 19. Bxd6 Nxd6 20. Rcf1 f6 21. Nd3 Nc4 22. Nf2 Nd2 23. Qd1 Nxf3+ 24. Qxf3 Qe6 25. Re1 Rac8 26. f5 Qf7 27. Nd3 b6 28. Nf4 Re4 29. Ne6 Rxe6 30. fxe6 Qxe6 31. Rc1 c5 32. dxc5 bxc5 33. h3 Qe5 34. Qf2 Rb8 35. Rxc5 Rxb2 36. Qf4 Qxf4 37. exf4 Rxa2 38. Rxd5 Kf8 39. Rd7 a5 40. Ra7 h5 41. h4 a4 42. Ra5 g6 43. Ra7 a3 44. Kh2 Ke8 45. Kg3 Ra1 46. f5 gxf5 47. Ra5 a2 48. Ra7 f4+ 49. Kf2 Kd8 50. Ra3 Kd7 51. Ke2 Rg1 0-1

[Event "Helsingor Xtracon op"]
[Site "Helsingor"]
[Date "2018.07.25"]
[Round "6"]
[White "Sandberg, Martin"]
[Black "Overmark, Ole"]
[Result "0-1"]
[WhiteElo "1865"]
[BlackElo "1688"]
[PlyCount "168"]
[EventDate "2018.07.21"]
[EventType "swiss"]
[EventRounds "10"]
[EventCountry "DEN"]
[SourceTitle "CBM 185 Extra"]
[Source "ChessBase"]
[SourceDate "2018.07.29"]
[SourceVersion "1"]
[SourceVersionDate "2018.07.29"]
[SourceQuality "1"]

1. d4 Nf6 2. Bf4 e6 3. Nf3 c5 4. e3 cxd4 5. exd4 d5 6. Bd3 Bd6 7. Bg5 h6 8. Bh4 0-0 9. c3 Nbd7 10. Nbd2 Qb6 11. Qc2 Re8 12. 0-0-0 Qc6 13. g4 Bf4 14. g5 hxg5 15. Nxg5 e5 16. Bh7+ Kf8 17. Nxf7 Nxh7 18. Qxh7 Kxf7 19. Qh5+ Qg6 20. Qf3 Kg8 21. Rhg1 Bxd2+ 22. Kxd2 Qh6+ 23. Bg5 Qe6 24. Qh5 Nf8 25. Bh6 Re7 26. Bxg7 Rxg7 27. Rde1 e4 28. Rg5 Rxg5 29. Qxg5+ Qg6 30. Qxd5+ Be6 31. Qxb7 Qg5+ 32. Kc2 Re8 33. Re3 Qf6 34. Rg3+ Ng6 35. d5 Qxf2+ 36. Kb3 Bf7 37. Ka3 Qc5+ 38. b4 Qb6 39. Qd7 e3 40. Rf3 Re7 41. Qc8+ Kg7 42. c4 Rc7 43. Qg4 Qa6+ 44. Kb3 Re7 45. Qd4+ Kg8 46. Rxe3 Rxe3+ 47. Qxe3 Qb7 48. Qd4 a6 49. d6 Qd7 50. h4 Nf8 51. a4 Qh3+ 52. Kb2 Qg2+ 53. Kb3 Qf3+ 54. Qc3 Qd1+ 55. Kb2 Qxd6 56. Qe1 Qh2+ 57. Kc3 Qh3+ 58. Kb2 Qg4 59. Qc3 Bxc4 60. Qe3 Ne6 61. Qb6 Qe2+ 62. Kc1 Qe1+ 63. Kc2 Qe4+ 64. Kc1 Qxh4 65. Qb8+ Kg7 66. Qb7+ Kf6 67. Qf3+ Ke5 68. Qe3+ Qe4 69. Qxe4+ Kxe4 70. Kb2 Kd3 71. Ka3 Nd4 72. Kb2 Nc2 73. b5 a5 74. b6 Bd5 75. Kc1 Kc3 76. Kd1 Ne3+ 77. Kc1 Nc4 78. Kb1 Nxb6 79. Ka1 Nxa4 80. Kb1 Nc5 81. Ka1 Bb3 82. Kb1 Nd3 83. Ka1 Nb4 84. Kb1 Nc2 0-1

[Event "Helsingor Xtracon op"]
[Site "Helsingor"]
[Date "2018.07.22"]
[Round "2"]
[White "Nielsen, Carsten Juul"]
[Black "Overmark, Ole"]
[Result "1-0"]
[WhiteElo "1909"]
[BlackElo "1688"]
[PlyCount "85"]
[EventDate "2018.07.21"]
[EventType "swiss"]
[EventRounds "10"]
[EventCountry "DEN"]
[SourceTitle "CBM 185 Extra"]
[Source "ChessBase"]
[SourceDate "2018.07.29"]
[SourceVersion "1"]
[SourceVersionDate "2018.07.29"]
[SourceQuality "1"]

1. d4 Nf6 2. c4 c5 3. d5 b5 4. Qc2 g6 5. e4 d6 6. cxb5 Bg7 7. Nc3 Nbd7 8. Nf3 0-0 9. Be2 Nb6 10. 0-0 a6 11. a4 axb5 12. Bxb5 Ba6 13. Bf4 Ne8 14. Rfe1 Nc7 15. Bc6 Rb8 16. Bg5 Nc4 17. Ra2 Ne5 18. Nxe5 dxe5 19. Be3 Qd6 20. Nb5 Bxb5 21. axb5 Nxb5 22. Bxc5 Nd4 23. Qc4 Qf6 24. Bxd4 exd4 25. b4 Qd6 26. b5 Be5 27. g3 g5 28. Qd3 Kh8 29. Qa3 h5 30. Qxd6 Bxd6 31. e5 Bc5 32. Rc1 Bb4 33. Ra4 Bc3 34. Kf1 f5 35. Ra7 f4 36. Rxe7 fxg3 37. hxg3 h4 38. Kg2 h3+ 39. Kxh3 Rxf2 40. Kg4 Bd2 41. Rh1+ Kg8 42. d6 Rbf8 43. Bd5+ 1-0

[Event "Helsingor Xtracon op"]
[Site "Helsingor"]
[Date "2017.07.30"]
[Round "10"]
[White "Overmark, Ole"]
[Black "Huse, Sigurd Kjelsbol"]
[Result "0-1"]
[WhiteElo "1767"]
[BlackElo "1944"]
[PlyCount "56"]
[EventDate "2017.07.22"]
[EventType "swiss"]
[EventRounds "10"]
[EventCountry "DEN"]
[SourceTitle "CBM 179 Extra"]
[Source "ChessBase"]
[SourceDate "2017.08.23"]
[SourceVersion "1"]
[SourceVersionDate "2017.08.23"]
[SourceQuality "1"]

1. c4 e5 2. Nc3 Nc6 3. g3 a6 4. Bg2 Bc5 5. e3 d6 6. Nge2 Nge7 7. 0-0 0-0 8. a3 Ba7 9. b4 f5 10. Bb2 Ng6 11. Nd5 Be6 12. d4 Kh8 13. Rc1 Bxd5 14. cxd5 Nce7 15. dxe5 dxe5 16. Qb3 Qd6 17. Qc3 Nxd5 18. Bxd5 Qxd5 19. Rfd1 Qf3 20. Nf4 Nxf4 21. gxf4 Rf6 22. Qxc7 h5 23. Bxe5 Bxe3 24. Rd8+ Kh7 25. Rc2 Rg6+ 26. Kf1 Rg2 27. Rdd2 Rg8 28. Re2 Rxh2 0-1

[Event "Helsingor Xtracon op"]
[Site "Helsingor"]
[Date "2017.07.25"]
[Round "5"]
[White "Kocur, Marc"]
[Black "Overmark, Ole"]
[Result "1/2-1/2"]
[WhiteElo "1934"]
[BlackElo "1767"]
[PlyCount "57"]
[EventDate "2017.07.22"]
[EventType "swiss"]
[EventRounds "10"]
[EventCountry "DEN"]
[SourceTitle "CBM 179 Extra"]
[Source "ChessBase"]
[SourceDate "2017.08.23"]
[SourceVersion "1"]
[SourceVersionDate "2017.08.23"]
[SourceQuality "1"]

1. Nf3 Nf6 2. b3 c5 3. Bb2 d5 4. e3 Nc6 5. Bb5 Bd7 6. 0-0 a6 7. Bxc6 Bxc6 8. Ne5 Rc8 9. d3 e6 10. Nd2 Be7 11. f4 0-0 12. g4 Nd7 13. Nxc6 Rxc6 14. g5 e5 15. h4 f5 16. Qf3 e4 17. dxe4 dxe4 18. Qg2 Nb6 19. Qe2 c4 20. Rad1 Qc8 21. Bd4 c3 22. Bxb6 cxd2 23. Bd4 Rxc2 24. Rxd2 Rc6 25. Rf2 Qe6 26. Rc2 Rfc8 27. Qd1 Ba3 28. Kf1 Qd7 29. Kg2 1/2-1/2

[Event "Helsingor Xtracon op"]
[Site "Helsingor"]
[Date "2017.07.24"]
[Round "4"]
[White "Karlsson, Ulf"]
[Black "Overmark, Ole"]
[Result "1-0"]
[WhiteElo "2036"]
[BlackElo "1767"]
[PlyCount "87"]
[EventDate "2017.07.22"]
[EventType "swiss"]
[EventRounds "10"]
[EventCountry "DEN"]
[SourceTitle "CBM 179 Extra"]
[Source "ChessBase"]
[SourceDate "2017.08.23"]
[SourceVersion "1"]
[SourceVersionDate "2017.08.23"]
[SourceQuality "1"]

1. e4 e6 2. d3 d5 3. Nd2 c5 4. g3 Nc6 5. Bg2 Nf6 6. Ngf3 Be7 7. 0-0 0-0 8. Re1 b6 9. e5 Nd7 10. Nf1 Bb7 11. c3 Rb8 12. h4 d4 13. c4 Nb4 14. N1h2 Re8 15. Bf4 Nf8 16. h5 Nc6 17. Ng4 Nd7 18. Qd2 b5 19. b3 bxc4 20. bxc4 Qa5 21. Qe2 Nb4 22. a3 Na6 23. Nd2 Bxg2 24. Kxg2 Rb2 25. Nh2 f5 26. Nhf1 Qd8 27. Rab1 Rxb1 28. Rxb1 Nb6 29. Nf3 Na4 30. Qc2 Nc3 31. Rb3 Qd7 32. Bd2 Na4 33. Rb5 Nb6 34. Qd1 Nc7 35. Rb2 Rb8 36. N1h2 Qe8 37. Ng5 Nd7 38. Rxb8 Qxb8 39. Nhf3 h6 40. Nh3 Qe8 41. Qa4 a6 42. Qc6 Bd8 43. Ba5 Na8 44. Qxa8 1-0

[Event "Helsingor Xtracon op"]
[Site "Helsingor"]
[Date "2017.07.22"]
[Round "1"]
[White "Overmark, Ole"]
[Black "Svane, Frederik"]
[Result "0-1"]
[WhiteElo "1767"]
[BlackElo "2276"]
[PlyCount "104"]
[EventDate "2017.07.22"]
[EventType "swiss"]
[EventRounds "10"]
[EventCountry "DEN"]
[SourceTitle "CBM 179 Extra"]
[Source "ChessBase"]
[SourceDate "2017.08.23"]
[SourceVersion "1"]
[SourceVersionDate "2017.08.23"]
[SourceQuality "1"]

1. Nf3 c5 2. c4 Nf6 3. g3 b6 4. Bg2 Bb7 5. d3 e6 6. Nc3 Be7 7. 0-0 0-0 8. a3 Nc6 9. e3 Rc8 10. Qe2 d5 11. Rd1 Re8 12. e4 d4 13. e5 dxc3 14. exf6 Bxf6 15. bxc3 Bxc3 16. Bb2 Bxb2 17. Qxb2 Qc7 18. Re1 Red8 19. Rad1 Ne7 20. Qe2 Nf5 21. Bh3 Qc6 22. Qe4 Qxe4 23. dxe4 Rxd1 24. Rxd1 Bxe4 25. Ng5 Bc6 26. Bg2 Nd4 27. Ne4 f6 28. f4 Kf8 29. Nc3 Bxg2 30. Kxg2 Ke7 31. Kf2 Rd8 32. Re1 Nc2 33. Re2 Nxa3 34. f5 Nxc4 35. Rxe6+ Kf7 36. Rc6 Ne5 37. Rc7+ Rd7 38. Rc8 g6 39. fxg6+ hxg6 40. h3 Rd2+ 41. Kf1 Rd3 42. Rc7+ Rd7 43. Rc8 c4 44. Ke2 Rd3 45. Rc7+ Ke6 46. Ne4 f5 47. Nf2 Rxg3 48. Rxa7 Nd3 49. Nd1 Rxh3 50. Rb7 Nf4+ 51. Kd2 Nd5 52. Rg7 Ne7 0-1

[Event "DEN-ch Seniors 50+"]
[Site "Logumkloster"]
[Date "2017.02.15"]
[Round "4"]
[White "Overmark, Ole"]
[Black "Rosenberg, Jan"]
[Result "1-0"]
[WhiteElo "1707"]
[BlackElo "1867"]
[PlyCount "73"]
[EventDate "2017.02.12"]
[EventType "swiss"]
[EventRounds "7"]
[EventCountry "DEN"]
[SourceTitle "EXT 2018"]
[Source "ChessBase"]
[SourceDate "2017.10.13"]
[SourceVersion "1"]
[SourceVersionDate "2017.10.13"]
[SourceQuality "1"]

1. Nf3 Nf6 2. c4 c5 3. Nc3 d5 4. cxd5 Nxd5 5. g3 Nc6 6. Bg2 Nc7 7. 0-0 e5 8. d3 Be7 9. Be3 Ne6 10. Rc1 Rb8 11. Nd2 Ned4 12. h3 0-0 13. Nd5 b6 14. Nxe7+ Qxe7 15. Ne4 h6 16. Bd2 Be6 17. e3 Nf5 18. Nxc5 bxc5 19. Bxc6 Qd6 20. Be4 Rxb2 21. Bc3 Rbb8 22. Qh5 g6 23. Qe2 Ne7 24. d4 exd4 25. exd4 cxd4 26. Rfd1 Rbc8 27. Bb2 Bxh3 28. Rxc8 Rxc8 29. Rxd4 Qe6 30. Qd2 Qb6 31. Rb4 Qe6 32. Qxh6 f6 33. Kh2 Bf5 34. Bg2 Qf7 35. Rb7 Re8 36. Ba3 Qf8 37. Bd5+ 1-0

[Event "DEN-ch Seniors 50+"]
[Site "Logumkloster"]
[Date "2017.02.13"]
[Round "2"]
[White "Matras, Ove"]
[Black "Overmark, Ole"]
[Result "0-1"]
[WhiteElo "1828"]
[BlackElo "1707"]
[PlyCount "64"]
[EventDate "2017.02.12"]
[EventType "swiss"]
[EventRounds "7"]
[EventCountry "DEN"]
[SourceTitle "EXT 2018"]
[Source "ChessBase"]
[SourceDate "2017.10.13"]
[SourceVersion "1"]
[SourceVersionDate "2017.10.13"]
[SourceQuality "1"]

1. b3 c5 2. e4 Nc6 3. Nf3 d6 4. Bb2 Nf6 5. d3 g6 6. Be2 Bg7 7. Nc3 0-0 8. Qd2 Bd7 9. 0-0-0 a5 10. h4 h5 11. Nh2 Nd4 12. Rdg1 Nxe2+ 13. Qxe2 Bh6+ 14. Kd1 a4 15. f3 axb3 16. cxb3 b5 17. g4 b4 18. g5 bxc3 19. Bxc3 Nxe4 20. dxe4 Bg7 21. Bxg7 Kxg7 22. Rg2 Qb6 23. Qb2+ Kg8 24. Rc2 Be6 25. Re1 Rfb8 26. Kc1 Qb4 27. Ree2 Qb6 28. Rf2 c4 29. Rc3 cxb3 30. axb3 Ra1+ 31. Qxa1 Qxf2 32. Rc2 Qe1+ 0-1

[Event "Helsingor Xtracon op"]
[Site "Helsingor"]
[Date "2016.07.24"]
[Round "3"]
[White "Linjord, David Jess"]
[Black "Overmark, Ole"]
[Result "1-0"]
[WhiteElo "1488"]
[BlackElo "1775"]
[PlyCount "91"]
[EventDate "2016.07.23"]
[EventType "swiss"]
[EventRounds "10"]
[EventCountry "DEN"]
[SourceTitle "CBM 173 Extra"]
[Source "ChessBase"]
[SourceDate "2016.08.29"]
[SourceVersion "1"]
[SourceVersionDate "2016.08.29"]
[SourceQuality "1"]

1. c4 Nf6 2. Nc3 c5 3. Nf3 Nc6 4. d4 cxd4 5. Nxd4 g6 6. g3 Bg7 7. Bg2 0-0 8. 0-0 a6 9. Nxc6 bxc6 10. Qc2 Bb7 11. Rd1 Qa5 12. Bf4 Rac8 13. a3 d6 14. b4 Qb6 15. Rab1 Rcd8 16. e4 Ng4 17. Na4 Qa7 18. h3 Ne5 19. Be3 Qb8 20. c5 Nd7 21. cxd6 exd6 22. Bf4 Ne5 23. Nb6 h6 24. Nc4 g5 25. Be3 d5 26. Nxe5 Bxe5 27. exd5 cxd5 28. Bd4 Rfe8 29. Bxe5 Rxe5 30. Rd4 Rde8 31. Rbd1 Re2 32. Qd3 Qe5 33. Bxd5 Bxd5 34. Rxd5 Qb2 35. Rd8 R2e6 36. Rxe8+ Rxe8 37. Qxa6 Qb3 38. Rd3 Qb1+ 39. Kg2 Re1 40. Rd8+ Kg7 41. Qd3 Rg1+ 42. Kf3 Qc1 43. Qd4+ f6 44. Qd7+ Kg6 45. Qe8+ Kf5 46. Qe4# 1-0

[Event "Copenhagen Challenge"]
[Site "Ballerup"]
[Date "2016.04.24"]
[Round "9"]
[White "Andersen, Kim Nyvang"]
[Black "Overmark, Ole"]
[Result "1-0"]
[WhiteElo "1996"]
[BlackElo "1763"]
[PlyCount "65"]
[EventDate "2016.04.20"]
[EventType "swiss"]
[EventRounds "9"]
[EventCountry "DEN"]
[SourceTitle "CBM 172 Extra"]
[Source "ChessBase"]
[SourceDate "2016.06.21"]
[SourceVersion "1"]
[SourceVersionDate "2016.06.21"]
[SourceQuality "1"]

1. d4 e6 2. c4 Nf6 3. Nc3 Bb4 4. e3 0-0 5. Nge2 d5 6. a3 Be7 7. cxd5 exd5 8. Qc2 Bg4 9. Ng3 c6 10. Bd3 g6 11. f3 Bd7 12. Bd2 Na6 13. h4 c5 14. h5 cxd4 15. exd4 Bd6 16. Nce2 Re8 17. Kf2 Rc8 18. Qb1 Nc5 19. dxc5 Bxc5+ 20. Kf1 Ne4 21. Bxe4 dxe4 22. hxg6 fxg6 23. Nxe4 Rxe4 24. Qxe4 Bf5 25. Qc4+ Kf8 26. Bh6+ Ke8 27. Qg8+ Kd7 28. Rd1+ Bd6 29. Qxh7+ Kc6 30. Nd4+ Kb6 31. Nxf5 gxf5 32. Be3+ Ka6 33. Qxf5 1-0

[Event "Copenhagen Challenge"]
[Site "Ballerup"]
[Date "2016.04.22"]
[Round "5"]
[White "Kistrup, Nicolai"]
[Black "Overmark, Ole"]
[Result "0-1"]
[WhiteElo "2033"]
[BlackElo "1763"]
[PlyCount "75"]
[EventDate "2016.04.20"]
[EventType "swiss"]
[EventRounds "9"]
[EventCountry "DEN"]
[SourceTitle "CBM 172 Extra"]
[Source "ChessBase"]
[SourceDate "2016.06.21"]
[SourceVersion "1"]
[SourceVersionDate "2016.06.21"]
[SourceQuality "1"]

1. d4 e6 2. Nf3 d5 3. c4 Nf6 4. Bg5 Be7 5. Nc3 c6 6. e3 0-0 7. Bd3 dxc4 8. Bxc4 Nd5 9. Bxe7 Qxe7 10. 0-0 b6 11. e4 Nxc3 12. bxc3 Ba6 13. Qe2 Bxc4 14. Qxc4 b5 15. Qb4 Qxb4 16. cxb4 a5 17. a3 axb4 18. axb4 Nd7 19. Rfc1 f6 20. Kf1 Rxa1 21. Rxa1 Rc8 22. Ra7 Nf8 23. h4 Ng6 24. g3 Kf8 25. h5 Ne7 26. Ke2 f5 27. Ng5 fxe4 28. Nxe6+ Kf7 29. Ng5+ Ke8 30. Nxh7 Nf5 31. g4 Nxd4+ 32. Ke3 Ne6 33. Kxe4 c5 34. Ke5 Nd8 35. Rxg7 c4 36. Nf6+ Kf8 37. Rg8+ Kf7 38. Kf5 0-1

[Event "Copenhagen Challenge"]
[Site "Ballerup"]
[Date "2016.04.22"]
[Round "4"]
[White "Overmark, Ole"]
[Black "Eriksson, Christian Altenburg"]
[Result "0-1"]
[WhiteElo "1763"]
[BlackElo "2195"]
[PlyCount "56"]
[EventDate "2016.04.20"]
[EventType "swiss"]
[EventRounds "9"]
[EventCountry "DEN"]
[SourceTitle "CBM 172 Extra"]
[Source "ChessBase"]
[SourceDate "2016.06.21"]
[SourceVersion "1"]
[SourceVersionDate "2016.06.21"]
[SourceQuality "1"]

1. Nf3 c5 2. c4 Nc6 3. Nc3 Nf6 4. g3 g6 5. Bg2 Bg7 6. 0-0 0-0 7. d3 d5 8. cxd5 Nxd5 9. Nxd5 Qxd5 10. Nd2 Qd7 11. Rb1 b6 12. a3 Bb7 13. b4 cxb4 14. axb4 Rac8 15. Ne4 Rfd8 16. Bb2 Nd4 17. e3 Nb5 18. d4 Rc4 19. Qd2 e5 20. Rbc1 Rxc1 21. Rxc1 exd4 22. exd4 Nxd4 23. Rd1 Bxe4 24. Kh1 Bxg2+ 25. Kxg2 Qd5+ 26. Kh3 Qf5+ 27. Kg2 Qf3+ 28. Kh3 Rd5 0-1

[Event "Copenhagen Challenge"]
[Site "Ballerup"]
[Date "2016.04.21"]
[Round "2"]
[White "Overmark, Ole"]
[Black "Fredericia, Louise Winther"]
[Result "1-0"]
[WhiteElo "1763"]
[BlackElo "2127"]
[PlyCount "79"]
[EventDate "2016.04.20"]
[EventType "swiss"]
[EventRounds "9"]
[EventCountry "DEN"]
[SourceTitle "CBM 172 Extra"]
[Source "ChessBase"]
[SourceDate "2016.06.21"]
[SourceVersion "1"]
[SourceVersionDate "2016.06.21"]
[SourceQuality "1"]

1. Nf3 f5 2. b3 Nf6 3. Bb2 e6 4. e3 b6 5. Be2 Bb7 6. c4 Be7 7. 0-0 0-0 8. Nc3 c5 9. Rc1 Ne4 10. d4 cxd4 11. exd4 d5 12. cxd5 exd5 13. Ne5 Nd7 14. f3 Nxc3 15. Rxc3 Nxe5 16. dxe5 Bc5+ 17. Kh1 f4 18. Qc2 Rc8 19. Rd1 Qe7 20. Bd3 g6 21. Qe2 Qe6 22. Rc2 Rce8 23. Bb5 Re7 24. Rcd2 Kg7 25. h3 Rf5 26. Rd3 a6 27. Bc4 dxc4 28. Rd6 Qc8 29. e6+ Kh6 30. Rd7 Qc6 31. Qxc4 Qxe6 32. Qxe6 Rxe6 33. Rxb7 Re2 34. Bg7+ Kg5 35. Bc3 h5 36. Rbd7 Rxa2 37. b4 Be3 38. R7d6 Rc2 39. Rc6 Rd5 40. Rxd5+ 1-0